<?xml version="1.0" encoding="UTF-8"?>
<record
    xmlns:xsi="http://www.w3.org/2001/XMLSchema-instance"
    xsi:schemaLocation="http://www.loc.gov/MARC21/slim http://www.loc.gov/standards/marcxml/schema/MARC21slim.xsd"
    xmlns="http://www.loc.gov/MARC21/slim">

  <leader>03551cam a2200445 i 4500</leader>
  <controlfield tag="001">20889155</controlfield>
  <controlfield tag="003">NUST</controlfield>
  <controlfield tag="005">20220825114643.0</controlfield>
  <controlfield tag="008">190314s2019    caua     b    001 0 eng  </controlfield>
  <datafield tag="010" ind1=" " ind2=" ">
    <subfield code="a">  2019011715</subfield>
  </datafield>
  <datafield tag="020" ind1=" " ind2=" ">
    <subfield code="a">9781523085170 (hardback)</subfield>
  </datafield>
  <datafield tag="020" ind1=" " ind2=" ">
    <subfield code="a">9781523093144 (paperback)</subfield>
  </datafield>
  <datafield tag="038" ind1=" " ind2=" ">
    <subfield code="a">Azhar</subfield>
  </datafield>
  <datafield tag="040" ind1=" " ind2=" ">
    <subfield code="a">DLC</subfield>
    <subfield code="b">eng</subfield>
    <subfield code="c">DLC</subfield>
    <subfield code="e">rda</subfield>
    <subfield code="d">DLC</subfield>
  </datafield>
  <datafield tag="042" ind1=" " ind2=" ">
    <subfield code="a">pcc</subfield>
  </datafield>
  <datafield tag="050" ind1="0" ind2="0">
    <subfield code="a">HD57.7</subfield>
    <subfield code="b">.B7656 2019</subfield>
  </datafield>
  <datafield tag="082" ind1="0" ind2="0">
    <subfield code="a">658.4092</subfield>
    <subfield code="2">23</subfield>
    <subfield code="b">BRO</subfield>
  </datafield>
  <datafield tag="084" ind1=" " ind2=" ">
    <subfield code="a">BUS030000</subfield>
    <subfield code="a">BUS097000</subfield>
    <subfield code="a">SOC031000</subfield>
    <subfield code="2">bisacsh</subfield>
  </datafield>
  <datafield tag="100" ind1="1" ind2=" ">
    <subfield code="a">Brown, Jennifer,</subfield>
    <subfield code="d">1971-</subfield>
    <subfield code="e">author.</subfield>
    <subfield code="9">93613</subfield>
  </datafield>
  <datafield tag="245" ind1="1" ind2="0">
    <subfield code="a">How to be an inclusive leader :</subfield>
    <subfield code="b">your role in creating cultures of belonging where everyone can thrive /</subfield>
    <subfield code="c">Jennifer Brown.</subfield>
  </datafield>
  <datafield tag="250" ind1=" " ind2=" ">
    <subfield code="a">First Edition.</subfield>
  </datafield>
  <datafield tag="260" ind1=" " ind2=" ">
    <subfield code="a">Oakland, CA :</subfield>
    <subfield code="b">Berrett-Koehler Publishers, Inc.</subfield>
    <subfield code="c">2019</subfield>
  </datafield>
  <datafield tag="300" ind1=" " ind2=" ">
    <subfield code="a">xiii, 148 pages :</subfield>
    <subfield code="b">illustrations ;</subfield>
    <subfield code="c">24 cm</subfield>
  </datafield>
  <datafield tag="336" ind1=" " ind2=" ">
    <subfield code="a">text</subfield>
    <subfield code="b">txt</subfield>
    <subfield code="2">rdacontent</subfield>
  </datafield>
  <datafield tag="337" ind1=" " ind2=" ">
    <subfield code="a">unmediated</subfield>
    <subfield code="b">n</subfield>
    <subfield code="2">rdamedia</subfield>
  </datafield>
  <datafield tag="338" ind1=" " ind2=" ">
    <subfield code="a">volume</subfield>
    <subfield code="b">nc</subfield>
    <subfield code="2">rdacarrier</subfield>
  </datafield>
  <datafield tag="504" ind1=" " ind2=" ">
    <subfield code="a">Includes bibliographical references and index.</subfield>
  </datafield>
  <datafield tag="520" ind1=" " ind2=" ">
    <subfield code="a">"Internationally acclaimed diversity and inclusion expert Jennifer Brown shows how we can all shift our perspectives to create a more diverse and inclusive workplace. She breaks down the "us-versus-them" divide that plagues so many diversity initiatives.  When people are able to bring their full selves to work and feel welcomed, valued, and respected for their differences, they perform at higher levels and contribute more to their organizations than when they are divided by differences. There is greater trust, cooperation, and community in the workplace, which leads to higher performance and business results. In this brave new book, award-winning entrepreneur and internationally acclaimed diversity and inclusion expert Jennifer Brown offers the best-practice guide for becoming more inclusive in our everyday behaviors and interactions. It shares how we can all shift our perspective to support each other and to develop as allies and even accomplices for workplace inclusion. It also explores how targeting the structural barriers to inclusion at an organizational level is needed to tackle the baked-in inequities of our systems that have persisted and continue to derail inclusion. Through storytelling techniques, the author works to make diversity and inclusion inclusive of everyone. The goal is to help those who have felt irrelevant to diversity and inclusion conversations--or even alienated by them--positively contribute to creating workplaces of greater mutual understanding, compassion, and affirmation that profit from the talents of everyone"--</subfield>
    <subfield code="c">Provided by publisher.</subfield>
  </datafield>
  <datafield tag="520" ind1=" " ind2=" ">
    <subfield code="a">"We know why diversity is important, but how do we drive real change at work? Diversity and inclusion expert Jennifer Brown provides a step-by-step guide for the personal and emotional journey we must undertake to create an inclusive workplace where everyone can thrive"--</subfield>
    <subfield code="c">Provided by publisher.</subfield>
  </datafield>
  <datafield tag="563" ind1=" " ind2=" ">
    <subfield code="a">PB</subfield>
  </datafield>
  <datafield tag="650" ind1=" " ind2="0">
    <subfield code="a">Leadership.</subfield>
  </datafield>
  <datafield tag="650" ind1=" " ind2="0">
    <subfield code="a">Personnel management.</subfield>
  </datafield>
  <datafield tag="650" ind1=" " ind2="0">
    <subfield code="a">Work environment.</subfield>
    <subfield code="9">3404</subfield>
  </datafield>
  <datafield tag="650" ind1=" " ind2="7">
    <subfield code="a">BUSINESS &amp; ECONOMICS / Human Resources &amp; Personnel Management.</subfield>
    <subfield code="2">bisacsh</subfield>
    <subfield code="9">13713</subfield>
  </datafield>
  <datafield tag="650" ind1=" " ind2="7">
    <subfield code="a">BUSINESS &amp; ECONOMICS / Workplace Culture.</subfield>
    <subfield code="2">bisacsh</subfield>
    <subfield code="9">93614</subfield>
  </datafield>
  <datafield tag="650" ind1=" " ind2="7">
    <subfield code="a">SOCIAL SCIENCE / Discrimination &amp; Race Relations.</subfield>
    <subfield code="2">bisacsh</subfield>
    <subfield code="9">93615</subfield>
  </datafield>
  <datafield tag="906" ind1=" " ind2=" ">
    <subfield code="a">7</subfield>
    <subfield code="b">cbc</subfield>
    <subfield code="c">orignew</subfield>
    <subfield code="d">1</subfield>
    <subfield code="e">ecip</subfield>
    <subfield code="f">20</subfield>
    <subfield code="g">y-gencatlg</subfield>
  </datafield>
  <datafield tag="942" ind1=" " ind2=" ">
    <subfield code="2">ddc</subfield>
    <subfield code="c">LC</subfield>
  </datafield>
  <datafield tag="999" ind1=" " ind2=" ">
    <subfield code="c">590323</subfield>
    <subfield code="d">590323</subfield>
  </datafield>
  <datafield tag="952" ind1=" " ind2=" ">
    <subfield code="0">0</subfield>
    <subfield code="1">0</subfield>
    <subfield code="2">ddc</subfield>
    <subfield code="4">0</subfield>
    <subfield code="7">0</subfield>
    <subfield code="a">CL</subfield>
    <subfield code="b">CL</subfield>
    <subfield code="c">LC</subfield>
    <subfield code="d">2022-07-19</subfield>
    <subfield code="o">658.4092 BRO</subfield>
    <subfield code="p">LC-169</subfield>
    <subfield code="r">2022-07-19</subfield>
    <subfield code="w">2022-07-19</subfield>
    <subfield code="y">REF</subfield>
  </datafield>
</record>
